Introducción a la teoría de conjuntos y a la topología /
Guardado en:
| Autor Principal: | |
|---|---|
| Formato: | Libro |
| Idioma: | Spanish English Polish |
| Publicado: |
Barcelona :
Vicens-Vives,
1966.
|
| Series: | Libros universitarios
|
| Etiquetas: |
Agregar Etiqueta
Sin Etiquetas, Sea el primero en etiquetar este registro!
|
| LEADER | 00747nam a22001935a 4500 | ||
|---|---|---|---|
| 001 | MAT.inmabb006791 | ||
| 008 | 130705s1966####sp#######b####001#0#spa#d | ||
| 005 | 20130821131110.0 | ||
| 245 | 1 | 0 | |a Introducción a la teoría de conjuntos y a la topología / |c Kazimierz Kuratowski ; prólogo y traducción de R. Rodríguez Vidal. |
| 260 | |a Barcelona : |b Vicens-Vives, |c 1966. | ||
| 300 | |a 256 p. ; |c 22 cm. | ||
| 490 | 1 | |a Libros universitarios | |
| 500 | |a Traducción de: Wstep do teorii mnogosci i topologii, 1961. | ||
| 504 | |a Incluye referencias bibliográficas (p. [241]-242) e índice. | ||
| 510 | 4 | |a MR, |c 17,66e | |
| 100 | 1 | |a Kuratowski, Kazimierz, |d 1896- | |
| 084 | |a 03Exx (54Axx) |2 msc2000 | ||
| 041 | 1 | |a eng |h pol | |
| 859 | |h 03 |i K96e |p A-8835 |b BIB. MATEMATICA | ||
